| 000 | 00696nam a2200181Ia 4500 | ||
|---|---|---|---|
| 008 | 100921s9999 xx 000 0 und d | ||
| 082 |
_b40480 _a915.4 न 05 |
||
| 100 | _aकुंटे जगन्नाथ. | ||
| 245 | _aनर्मदे हर हर. | ||
| 260 |
_bप्राजक्त,पुणे. _c2005 |
||
| 300 |
_a256 _bकलाभारती वितरण,पुणे |
||
| 365 | _b220 | ||
| 520 | _aप्रवास,स्थल,वर्णन-भारत. | ||
| 630 | _aनर्मदे हर हर. | ||
| 650 | _aप्रवास,स्थल,वर्णन-भारत. | ||
| 730 | _aनर्मदे हर हर. | ||
| 942 | _cBOOK | ||
| 999 |
_c789593 _d789590 |
||